Innovation in the biopharmaceutical industry (Record no. 149063)
[ view plain ]
| 000 -LEADER | |
|---|---|
| fixed length control field | 01391nam a22003494a 4500 |
| 082 04 - DEWEY DECIMAL CLASSIFICATION NUMBER | |
| Classification number | 338.4/76151 |
| 245 00 - TITLE STATEMENT | |
| Title | Innovation in the biopharmaceutical industry |
| 260 ## - PUBLICATION, DISTRIBUTION, ETC. (IMPRINT) | |
| Place of publication | Hackensack, N.J. : |
| Name of publisher | World Scientific Pub., |
| Year of publication | c2007. |
| 300 ## - PHYSICAL DESCRIPTION | |
| Number of Pages | xiv, 140 p. : |
| Other physical details | ill. (some col.). |
| 650 #0 - SUBJECT ADDED ENTRY--TOPICAL TERM | |
| Topical Term | Pharmaceutical industry |
| Topical Term | Pharmaceutical biotechnology. |
| Topical Term | Biopharmaceutics. |
| Topical Term | Drug development. |
| 700 1# - ADDED ENTRY--PERSONAL NAME | |
| Personal name | Atun, Rifat A. |
| Personal name | Sheridan, Desmond J. |
| 856 40 - ELECTRONIC LOCATION AND ACCESS | |
| Uniform Resource Identifier | http://site.ebrary.com/lib/rucke/Doc?id=10188723 |
No items available.
